Зарождение и развитие военной историографии 1917 - 1941 (Запис № 463250)

МАРК-запис
000 -Лідер
fixed length control field 00577nam a22002057a 4500
001 - Контрольний номер
control field 216219220
003 - Ідентифікатор контрольного номера
control field UA-OsUOA
005 - Дата та час останнього входження (трансакції)
control field 20200911103957.0
008 - Елементи даних фіксованої довжини – загальна інформація
fixed length control field 200911b un ||||| |||| 00| 0 ukr d
040 ## - Джерело каталогізації
Агенція оригінальної каталогізації UA-OsUOA
Мова каталогізації ukr
Агенція, яка здійснювала перезапис UA-OsUOA
Агенція, яка здійснювала модифікацію UA-OsUOA
041 ## - Код мови
Код мови тексту/ звукової доріжки чи окремого заголовка (П) ukr
080 ## - Індекс Універсальної десяткової класифікації
Індекс Універсальної десяткової класифікації (УДК) (НП) 930.1
090 ## - Локальний шифр розміщення
Класифікаційний індекс УДК 930.1
Авторський знак (НП) З-35
245 ## - Відомості про назву
Назва (НП) Зарождение и развитие военной историографии 1917 - 1941
Дані про відповідальність (НП) ред. П. А. Жилин
260 ## - Публікація, розповсюдження і т.п. (Вихідні дані)
Місце публікації, розповсюдження і т.п. (П) Москва
Ім’я/ наймення видавництва, розповсюджувача і т.п. (П) Наука
Дата публікації, розповсюдження і т.п. (П) 1985
300 ## - Фізичний опис
Обсяг 180 с.
650 ## - Додаткове предметне введення – тематичний термін
Джерело заголовка чи терміна 930.1
942 ## - Додаткові елементи входу (Коха)
Source of classification or shelving scheme Universal Decimal Classification
Тип елемента Koha Книги
955 ## - Код типу видання за змістом
Код типу видання за змістом (НП) Наукові видання
Фонди
Стан вилучень Стан втрат Джерело класифікації або схеми стелажів Стан уражень Не для кредиту Постійне місце розташування Поточне розміщення Дата придбання Інвентарний номер Усього замовленно Повний номер виклику Штрих-код Дата останнього перегляду Ціна ефективна від Тип елемента Koha
    Universal Decimal Classification     АБ - Абонемент НБ АБ - Абонемент НБ 11/09/2010 49640   930.1 З-35 49640 27/05/2022 11/09/2020 Книги